| 000 | 00602nac a22001811u 4500 | ||
|---|---|---|---|
| 020 | _a9812435204 | ||
| 082 |
_a658.5 _bW6681 |
||
| 090 |
_c1172 _d1172 |
||
| 100 | _aWild, Ray | ||
| 245 |
_aOperations management / _bRay Wild. |
||
| 260 | _a6th ed. | ||
| 300 |
_aAustralia : _bThomson , _c2003. |
||
| 500 | _aIncludes indexes. | ||
| 650 | _aIndustrial management. | ||
| 650 | _aProduction management. | ||
| 942 |
_cBB _k658.5W6681 |
||
| 999 |
_c1172 _d1172 |
||